| 000 | 01331nam a22003017a 4500 | ||
|---|---|---|---|
| 003 | OSt | ||
| 005 | 20230502144850.0 | ||
| 007 | cr ||||||a|c|a | ||
| 008 | 230427s2019 mx a|||fom||| 001 0 spa d | ||
| 040 | _erda | ||
| 100 | 1 |
_9186833 _aCalderón Hernández, Gilberto |
|
| 245 | 1 | 0 |
_aImpacto de la pobreza, crecimiento demográfico y desarrollo económico en el deterioro del medio ambiente en el Estado de Puebla 2000-2018 / _cpor Gilberto Calderón Hernández; director de tesis Arturo Perales Salvador. |
| 264 | 1 |
_aChapingo, México : _bEl autor, _c2019. |
|
| 300 |
_a1 recurso en línea (143 páginas). _btablas, figuras. |
||
| 336 |
_2rdacontent _atexto _btxt |
||
| 337 |
_2rdamedia _acomputadora _bc |
||
| 338 |
_2rdacarrier _arecurso en línea _bcr |
||
| 502 |
_bLE _cDICEA _d2019. |
||
| 504 | _aIncluye referencias bibliográficas: páginas 119-127. | ||
| 650 | 4 |
_9130400 _aPobreza _zPuebla |
|
| 650 | 4 |
_990522 _aPolítica económica _xPuebla |
|
| 650 | 4 |
_9116843 _aUrbanismo _xPuebla |
|
| 650 | 4 |
_9186834 _aMedio ambiente _xAspectos sociales _zPuebla |
|
| 651 | 4 |
_9126228 _aPuebla _xCondiciones ambientales |
|
| 700 | 1 |
_987008 _aPerales Salvador, Arturo _eDirector de tesis. |
|
| 856 |
_uhttp://10.13.5.2/tesis/tl/Calderon_Hernandez_Gilberto.pdf _zDESCARGAR PDF |
||
| 942 |
_2Clasificación Universidad Autónoma Chapingo _cTD |
||
| 999 |
_c218638 _d218638 |
||